[Event "Marianske Lazne op"]
[Site "Marianske Lazne"]
[Date "2010.01.19"]
[Round "4"]
[White "Ondrejat, Miroslav"]
[Black "Strzelczyk, Anna"]
[Result "0-1"]
[WhiteElo "2087"]
[BlackElo "1910"]
[PlyCount "84"]
[EventDate "2010.01.16"]
[EventType "swiss"]
[EventRounds "9"]
[EventCountry "CZE"]
[SourceTitle "CBM 134 Extra"]
[Source "ChessBase"]
[SourceDate "2010.03.03"]
[SourceVersion "1"]
[SourceVersionDate "2010.03.03"]
[SourceQuality "1"]

1. Nf3 d5 2. b3 Nf6 3. Bb2 e6 4. e3 Be7 5. c4 0-0 6. Be2 c5 7. 0-0 Nc6 8. cxd5 Nxd5 9. d4 Bf6 10. Ne5 Nxe5 11. dxe5 Be7 12. Nd2 Bd7 13. Ne4 Bc6 14. Bf3 Qc7 15. a3 Rfd8 16. Qc2 b6 17. Rfd1 Rd7 18. Rd2 Rad8 19. Rad1 h6 20. h3 a6 21. Ng3 Bg5 22. Kh2 Ne7 23. Ne4 Rxd2 24. Rxd2 Rxd2 25. Qxd2 Bxe4 26. Bxe4 Nc8 27. f4 Be7 28. g4 b5 29. Bc3 Na7 30. Qg2 c4 31. b4 a5 32. Qf3 axb4 33. axb4 Nc8 34. f5 Bf8 35. fxe6 fxe6 36. Bg6 Nb6 37. e4 Na4 38. h4 Nxc3 39. Qxc3 Qe7 40. Kg3 Qxb4 41. Qxb4 Bxb4 42. Kf2 c3 0-1

[Event "Plzen op 1st"]
[Site "Plzen"]
[Date "2009.12.10"]
[Round "7"]
[White "Hubka, Roland"]
[Black "Strzelczyk, Anna"]
[Result "0-1"]
[WhiteElo "2017"]
[BlackElo "1826"]
[PlyCount "60"]
[EventDate "2009.12.05"]
[EventType "swiss"]
[EventRounds "9"]
[EventCountry "CZE"]
[SourceTitle "CBM 133 Extra"]
[Source "ChessBase"]
[SourceDate "2010.01.05"]
[SourceVersion "1"]
[SourceVersionDate "2010.01.05"]
[SourceQuality "1"]

1. Nf3 d5 2. c4 e6 3. b3 Nf6 4. Bb2 Be7 5. g3 0-0 6. Bg2 c5 7. cxd5 Nxd5 8. 0-0 Nc6 9. Nc3 Bf6 10. Rc1 b6 11. a3 Bb7 12. Re1 Rc8 13. d3 Qd7 14. Qd2 Rfd8 15. Ne4 Bxb2 16. Qxb2 Nde7 17. Ned2 Nf5 18. Ne5 Nxe5 19. Bxb7 Qxb7 20. Qxe5 Nd4 21. b4 cxb4 22. Rxc8 Qxc8 23. Nc4 bxa3 24. Qf4 a2 25. Qd2 a1Q 26. Rxa1 Nb3 27. Qa2 Nxa1 28. Qxa1 b5 29. Ne3 Qc7 30. Qa3 Rb8 0-1

[Event "Warsaw-ch opA 62nd"]
[Site "Warsaw"]
[Date "2009.09.03"]
[Round "3"]
[White "Szwaj, Jacek"]
[Black "Strzelczyk, Anna"]
[Result "1/2-1/2"]
[WhiteElo "1848"]
[BlackElo "1842"]
[PlyCount "146"]
[EventDate "2009.08.31"]
[EventType "swiss"]
[EventRounds "9"]
[EventCountry "POL"]
[SourceTitle "CBM 132 Extra"]
[Source "ChessBase"]
[SourceDate "2009.11.03"]
[SourceVersion "1"]
[SourceVersionDate "2009.11.03"]
[SourceQuality "1"]

1. e4 e5 2. Nf3 Nc6 3. Bb5 a6 4. Ba4 Nf6 5. 0-0 b5 6. Bb3 Bc5 7. Nxe5 Nxe5 8. d4 Bxd4 9. Qxd4 d6 10. f4 c5 11. Qc3 Ng6 12. e5 Ne4 13. Qd3 f5 14. exf6 Nxf6 15. Re1+ Ne7 16. Bd5 Rb8 17. Bc6+ Kf7 18. Bf3 Bf5 19. Qe2 Re8 20. Qf2 Kg8 21. Be3 Ned5 22. c3 Ne4 23. Bxe4 Bxe4 24. Nd2 Bf5 25. Nf3 Nf6 26. h3 Ne4 27. Qh4 Qxh4 28. Nxh4 Bd7 29. Rad1 Bc6 30. Nf3 Rbd8 31. Bf2 Nxf2 32. Kxf2 Bxf3 33. Kxf3 Rxe1 34. Rxe1 Kf7 35. g4 Kf6 36. f5 a5 37. Kf4 h6 38. h4 d5 39. g5+ hxg5+ 40. hxg5+ Kf7 41. Rd1 b4 42. Ke5 Re8+ 43. Kd6 Re2 44. Kxc5 Rxb2 45. cxb4 axb4 46. Rxd5 Rxa2 47. Rd7+ Kf8 48. Kxb4 Rg2 49. g6 Rf2 50. Rf7+ Kg8 51. Kc5 Rc2+ 52. Kd6 Rd2+ 53. Ke6 Re2+ 54. Kd7 Rd2+ 55. Ke8 Re2+ 56. Re7 Ra2 57. Re5 Rd2 58. Ke7 Rd1 59. Rc5 Re1+ 60. Kd6 Rd1+ 61. Ke5 Re1+ 62. Kf4 Rf1+ 63. Kg3 Kf8 64. Re5 Rg1+ 65. Kf2 Rd1 66. Rc5 Ke7 67. Rc7+ Kf6 68. Rf7+ Ke5 69. f6 Rd6 70. Kg3 Rxf6 71. Rxg7 Kf5 72. Rf7 Kxg6 73. Rxf6+ Kxf6 1/2-1/2

[Event "Warsaw-ch opA 62nd"]
[Site "Warsaw"]
[Date "2009.08.31"]
[Round "1"]
[White "Krasiewicz, Robert"]
[Black "Strzelczyk, Anna"]
[Result "1-0"]
[WhiteElo "2094"]
[BlackElo "1842"]
[PlyCount "81"]
[EventDate "2009.08.31"]
[EventType "swiss"]
[EventRounds "9"]
[EventCountry "POL"]
[SourceTitle "CBM 132 Extra"]
[Source "ChessBase"]
[SourceDate "2009.11.03"]
[SourceVersion "1"]
[SourceVersionDate "2009.11.03"]
[SourceQuality "1"]

1. d4 d5 2. Nf3 Nf6 3. c4 e6 4. Qc2 Be7 5. g3 0-0 6. Bg2 Nbd7 7. 0-0 dxc4 8. Qxc4 c5 9. dxc5 Bxc5 10. Nc3 a6 11. a4 Qa5 12. Bd2 Bb4 13. Rfc1 Nb6 14. Qh4 Nbd5 15. e4 Nxc3 16. bxc3 Be7 17. c4 Qc7 18. e5 Ne8 19. Qe4 Bd7 20. Nd4 Bc5 21. Rab1 Rb8 22. a5 f6 23. Nb3 Be7 24. Bf4 fxe5 25. Bxe5 Bd6 26. Bd4 Nf6 27. Qe2 Rbe8 28. c5 Be7 29. Be5 Qc8 30. Nd4 Nd5 31. c6 Bxc6 32. Bh3 Bf6 33. Nxc6 bxc6 34. Bd6 Nc3 35. Rxc3 Bxc3 36. Bxf8 Kxf8 37. Qd3 Bxa5 38. Qa3+ Kg8 39. Qxa5 Rf8 40. Qe5 Rf6 41. Rb8 1-0

[Event "Warsaw-ch opA 62nd"]
[Site "Warsaw"]
[Date "2009.08.31"]
[Round "2"]
[White "Strzelczyk, Anna"]
[Black "Nowicki, Bartosz"]
[Result "1/2-1/2"]
[WhiteElo "1842"]
[BlackElo "1944"]
[PlyCount "49"]
[EventDate "2009.08.31"]
[EventType "swiss"]
[EventRounds "9"]
[EventCountry "POL"]
[SourceTitle "CBM 132 Extra"]
[Source "ChessBase"]
[SourceDate "2009.11.03"]
[SourceVersion "1"]
[SourceVersionDate "2009.11.03"]
[SourceQuality "1"]

1. e4 c5 2. Nf3 d6 3. d4 cxd4 4. Nxd4 Nf6 5. Nc3 a6 6. f4 e5 7. Nf3 Nbd7 8. Bd3 Be7 9. 0-0 0-0 10. Qe1 b5 11. Nd5 Bb7 12. Nxe7+ Qxe7 13. fxe5 Nxe5 14. Bg5 Ned7 15. Nd4 Qe5 16. Nf3 Qc5+ 17. Be3 Qh5 18. Bd4 Rfe8 19. Qg3 Bxe4 20. Bxe4 Rxe4 21. Qxd6 Qd5 22. Qxd5 Nxd5 23. Rae1 Rae8 24. c3 f6 25. Rxe4 1/2-1/2

[Event "Gdansk op"]
[Site "Gdansk"]
[Date "2009.07.24"]
[Round "7"]
[White "Strzelczyk, Anna"]
[Black "Tyda, Krzysztof"]
[Result "0-1"]
[WhiteElo "1842"]
[BlackElo "2052"]
[PlyCount "82"]
[EventDate "2009.07.19"]
[EventType "swiss"]
[EventRounds "9"]
[EventCountry "POL"]
[SourceTitle "CBM 131 Extra"]
[Source "ChessBase"]
[SourceDate "2009.09.03"]
[SourceVersion "2"]
[SourceVersionDate "2009.09.16"]
[SourceQuality "1"]

1. e4 c6 2. d4 d5 3. Nc3 dxe4 4. Nxe4 Bf5 5. Ng3 Bg6 6. h4 h6 7. Nf3 Nd7 8. h5 Bh7 9. Bd3 Bxd3 10. Qxd3 Qc7 11. Bd2 e6 12. 0-0-0 Ngf6 13. Ne4 Nxe4 14. Qxe4 Nf6 15. Qe2 Bd6 16. g3 0-0-0 17. Kb1 Rhf8 18. c4 c5 19. dxc5 Qxc5 20. Be3 Qf5+ 21. Ka1 Bc5 22. Bxc5 Qxc5 23. Ne5 Rd4 24. Rxd4 Qxd4 25. f4 Qe4 26. Qxe4 Nxe4 27. g4 f6 28. Nd3 Rd8 29. Nc1 Rd4 30. Nb3 Rxc4 31. Re1 b6 32. Re2 a5 33. Kb1 Kc7 34. Nc1 Kd6 35. Nb3 Ke7 36. a3 a4 37. Nc1 Nc5 38. f5 Rxg4 39. fxe6 Rg5 40. Rh2 Kxe6 41. Ne2 Nb3 0-1

[Event "POL-chT U19 1st League"]
[Site "Chotowa"]
[Date "2009.07.??"]
[Round "1"]
[White "Murawko, Katarzyna"]
[Black "Strzelczyk, Anna"]
[Result "1-0"]
[WhiteElo "1709"]
[BlackElo "1842"]
[PlyCount "53"]
[EventDate "2009.07.06"]
[EventType "team-tourn"]
[EventRounds "9"]
[EventCountry "POL"]
[SourceTitle "EXT 2012"]
[Source "ChessBase"]
[SourceDate "2011.11.24"]
[SourceVersion "1"]
[SourceVersionDate "2011.11.24"]
[SourceQuality "1"]
[WhiteTeam "Suwalki Hancza U19"]
[BlackTeam "Warszawa Polonia U19"]
[WhiteTeamCountry "POL"]
[BlackTeamCountry "POL"]

1. e4 e5 2. Nf3 Nc6 3. Bb5 a6 4. Ba4 Nf6 5. Qe2 b5 6. Bb3 Be7 7. c3 d6 8. d3 0-0 9. 0-0 Bg4 10. Nbd2 Nh5 11. Nb1 Nf4 12. Bxf4 exf4 13. Bd5 Qd7 14. d4 Rae8 15. Nbd2 Bf6 16. a4 Rb8 17. axb5 axb5 18. Rfe1 Rfe8 19. Qd3 b4 20. Qc4 Rb6 21. e5 dxe5 22. dxe5 Nxe5 23. Nxe5 Bxe5 24. Rxe5 Rxe5 25. Ra8+ Qc8 26. Rxc8+ Bxc8 27. Qxc7 1-0

[Event "Warsaw AIG Life rapid 8th"]
[Site "Warsaw"]
[Date "2008.12.20"]
[Round "1"]
[White "Dziuba, Marcin"]
[Black "Strzelczyk, Anna"]
[Result "1-0"]
[WhiteElo "2556"]
[BlackElo "1817"]
[PlyCount "65"]
[EventDate "2008.12.20"]
[EventType "swiss (rapid)"]
[EventRounds "13"]
[EventCountry "POL"]
[SourceTitle "CBM 127 Extra"]
[Source "ChessBase"]
[SourceDate "2009.01.08"]
[SourceVersion "2"]
[SourceVersionDate "2009.01.28"]
[SourceQuality "1"]

1. d4 d5 2. c4 e6 3. Nc3 Nf6 4. cxd5 exd5 5. Bg5 Be7 6. e3 c6 7. Bd3 0-0 8. Qc2 Nbd7 9. Nge2 Re8 10. 0-0 Nf8 11. f3 Ng6 12. e4 dxe4 13. fxe4 Bg4 14. h3 Bxe2 15. Nxe2 Nxe4 16. Be3 Nf6 17. Nc3 Rc8 18. Rae1 Nd5 19. Nxd5 cxd5 20. Qb3 b6 21. Bb5 Rf8 22. Rf5 Qc7 23. Qxd5 Qc2 24. Ref1 Rcd8 25. Qb3 Qxb3 26. axb3 Bf6 27. Bc4 Ne7 28. Rxf6 gxf6 29. Bh6 Rfe8 30. Rxf6 Nd5 31. Rf5 Re6 32. Bg5 f6 33. Rxd5 1-0

[Event "Liberec op 09th"]
[Site "Liberec"]
[Date "2008.11.15"]
[Round "1"]
[White "Kucera, Petr1"]
[Black "Strzelczyk, Anna"]
[Result "1/2-1/2"]
[WhiteElo "2143"]
[BlackElo "1817"]
[PlyCount "73"]
[EventDate "2008.11.15"]
[EventType "swiss"]
[EventRounds "9"]
[EventCountry "CZE"]
[SourceTitle "CBM 127 Extra"]
[Source "ChessBase"]
[SourceDate "2009.01.08"]
[SourceVersion "2"]
[SourceVersionDate "2009.01.28"]
[SourceQuality "1"]

1. d4 d5 2. c4 e6 3. Nc3 Nf6 4. cxd5 exd5 5. Bg5 Nbd7 6. e3 c6 7. Bd3 Be7 8. Qc2 0-0 9. Nge2 Re8 10. 0-0 Nf8 11. f3 Ng6 12. Rae1 Nh5 13. Bxe7 Qxe7 14. e4 dxe4 15. fxe4 Qg5 16. Kh1 Nf6 17. Ng1 Ng4 18. Nf3 Qh6 19. Qd2 Qxd2 20. Nxd2 Be6 21. d5 Bxd5 22. Nxd5 cxd5 23. Bb5 Re5 24. Rf5 dxe4 25. Rxe5 N4xe5 26. Nxe4 a6 27. Bf1 Rc8 28. Nd6 Rc7 29. Kg1 Kf8 30. h3 f6 31. Ne4 Nf4 32. b4 Nfd3 33. Rb1 Rc4 34. Nd6 Rxb4 35. Rxb4 Nxb4 36. Nxb7 Nxa2 37. Bxa6 1/2-1/2

[Event "POL-ch U13 Girls"]
[Site "Sekocin"]
[Date "2008.10.16"]
[Round "4"]
[White "Kowalewska, Agata"]
[Black "Strzelczyk, Anna"]
[Result "1/2-1/2"]
[WhiteElo "1600"]
[BlackElo "1817"]
[PlyCount "145"]
[EventDate "2008.10.13"]
[EventType "tourn"]
[EventRounds "7"]
[EventCountry "POL"]
[SourceTitle "EXT 2023"]
[Source "ChessBase"]
[SourceDate "2022.10.05"]
[SourceVersion "1"]
[SourceVersionDate "2022.10.05"]
[SourceQuality "1"]

1. e4 e5 2. Nf3 Nc6 3. Bc4 Nf6 4. Ng5 d5 5. exd5 Na5 6. Bb5+ c6 7. dxc6 bxc6 8. Be2 h6 9. Nf3 e4 10. Ne5 Bc5 11. c3 Qc7 12. d4 exd3 13. Nxd3 Bd6 14. h3 0-0 15. 0-0 Bf5 16. Be3 Rad8 17. b4 Nc4 18. Bd4 Rfe8 19. Kh1 Nd5 20. a4 Qe7 21. Nc1 Ne5 22. Nd2 Nf4 23. Bf3 Bxb4 24. Re1 Qd6 25. Bxe5 Rxe5 26. cxb4 Rxe1+ 27. Qxe1 Qxd2 28. Qxd2 Rxd2 29. Bxc6 Rd1+ 30. Kh2 Be6 31. Bb5 Nd5 32. Be2 Re1 33. b5 Nc3 34. Bd3 Kf8 35. Bc2 Ke7 36. Ra3 Rxc1 37. Rxc3 Kd6 38. Rc6+ Kd7 39. f4 f6 40. f5 Bd5 41. Ra6 Rxc2 42. Rxa7+ Rc7 43. Ra6 Bb3 44. a5 Rb7 45. b6 Kc6 46. Ra8 Bd5 47. Rc8+ Kb5 48. Kg3 Be4 49. Re8 Bxf5 50. Rd8 Be6 51. Ra8 Bd5 52. Rd8 Bc6 53. Rc8 Bxg2 54. Kxg2 Kxa5 55. Rg8 Kxb6 56. Kg3 Kc5 57. Kf4 Kd4 58. Rd8+ Kc3 59. Rg8 Kd2 60. Kf3 Ke1 61. Rd8 Rb3+ 62. Kg2 Rb2+ 63. Kf3 Rh2 64. Kg3 Rd2 65. Re8+ Re2 66. Rg8 Kf1 67. Rd8 Rg2+ 68. Kf3 Rf2+ 69. Kg3 Rg2+ 70. Kf3 Rf2+ 71. Kg3 Ke2 72. Re8+ Kf1 73. Rd8 1/2-1/2

[Event "Gdansk op"]
[Site "Gdansk"]
[Date "2008.07.20"]
[Round "3"]
[White "Milewczyk, Rafal"]
[Black "Strzelczyk, Anna"]
[Result "1-0"]
[WhiteElo "1814"]
[BlackElo "1823"]
[PlyCount "73"]
[EventDate "2008.07.19"]
[EventType "swiss"]
[EventRounds "9"]
[EventCountry "POL"]
[SourceTitle "EXT 2009"]
[Source "ChessBase"]
[SourceDate "2008.11.26"]
[SourceVersion "1"]
[SourceVersionDate "2008.11.26"]
[SourceQuality "1"]

1. Nf3 d5 2. d4 Nf6 3. c4 e6 4. Nc3 Be7 5. cxd5 exd5 6. Bg5 Nbd7 7. e3 c6 8. Rc1 0-0 9. Bd3 Re8 10. a3 a5 11. 0-0 Nf8 12. Re1 Ng6 13. h3 Ne4 14. Bxe7 Qxe7 15. Na4 Qd8 16. Qb3 b5 17. Nc5 Nxc5 18. Rxc5 Bd7 19. Rec1 Nh4 20. Qd1 Qf6 21. Ne5 Qg5 22. g4 Rad8 23. Nxd7 Rxd7 24. Rxc6 Rdd8 25. Qe2 h5 26. f4 Qe7 27. Kf2 hxg4 28. hxg4 Rd6 29. Rxd6 Qxd6 30. Bxb5 Re4 31. Rc8+ Kh7 32. Bd3 Qe6 33. Bxe4+ Qxe4 34. Kg3 g5 35. Qc2 Nf5+ 36. gxf5 Qxe3+ 37. Kg2 1-0